| 000 | 00670nam a22002417a 4500 | ||
|---|---|---|---|
| 003 | UA-OsUOA | ||
| 001 | 22639 | ||
| 007 | ta | ||
| 008 | 20040219b un ||||| |||| 00| 0 ukr d | ||
| 090 |
_a159.98 _bО-75 |
||
| 942 | _cBK | ||
| 040 |
_aUA-OsUOA _bukr _cUA-OsUOA _dUA-OsUOA |
||
| 245 |
_aОснови практичної психології _bПідручник для студентів вищих закладів освіти _cРед. С.Головко |
||
| 300 | _a536 с. | ||
| 955 | _a0 | ||
| 041 | _aukr | ||
| 080 | _a159.98 | ||
| 020 | _a966-06-0066-6 | ||
| 260 |
_aКиїв _bЛибідь _c1999 |
||
| 044 | _aUA | ||
| 650 | 7 | _2UDC | |
| 999 |
_c308863 _d308863 |
||